Motivate to win : tested techniques for greater achievement

Bibliographic Details
Main Author: Denny, Richard (Author)
Format: Book
Language:English
Published: London : Kogan Page 1993
Subjects:

MARC

LEADER 00000cam a2200000 7i4500
001 0000003356
005 20240926.0
008 991203 enka eng
020 |a 0749409665 
040 |a INS   |b eng   |e rda 
090 0 0 |a HF5549.5.M63   |b D46 1993 
100 1 |a Denny, Richard ,   |e author 
245 1 0 |a Motivate to win :   |b tested techniques for greater achievement   |c Richard Denny 
264 1 |a London :   |b Kogan Page   |c 1993 
264 4 |c ©1993 
300 |a 160 pages :   |b illustrations ;   |c 22 cm. 
336 |a text  |2 rdacontent 
337 |a unmediated  |2 rdamedia 
338 |a volume  |2 rdacarrier 
650 0 |a Motivation (psychology) 
650 0 |a Personality and motivation 
999 |a 0000005481   |b BOOK   |c Open Shelf   |e Default branch